[Event "Dolakha Tamang Memorial"]
[Site "Dolakha"]
[Date "2023.05.22"]
[Round "7"]
[White "Tandukar, Nabin"]
[Black "Apollosana Mangang, Rajkumar"]
[Result "0-1"]
[WhiteElo "1799"]
[BlackElo "2079"]
[PlyCount "84"]
[EventDate "2023.05.19"]
[EventType "swiss"]
[EventRounds "9"]
[EventCountry "NEP"]
[SourceTitle "EXT 2024"]
[Source "ChessBase"]
[SourceDate "2023.10.10"]
[SourceVersion "1"]
[SourceVersionDate "2023.10.10"]
[SourceQuality "1"]

1. e4 Nf6 2. e5 Nd5 3. d4 d6 4. Nf3 Bg4 5. Bc4 e6 6. 0-0 Be7 7. exd6 Qxd6 8. Be2 0-0 9. Ne5 Bxe2 10. Qxe2 c5 11. c4 Nf6 12. dxc5 Qxc5 13. b4 Qc7 14. Bf4 Qb6 15. Nd3 Qd4 16. Nd2 Rd8 17. Qf3 Qxd3 18. Qxb7 Nbd7 19. Rfd1 Qf5 20. Bg3 e5 21. a3 Rdb8 22. Qc7 Qe6 23. Qa5 Bd8 24. Qa4 a5 25. b5 Bb6 26. Qc2 Nh5 27. Ne4 Nxg3 28. hxg3 Bd4 29. Rab1 Rc8 30. Rbc1 Nc5 31. Ng5 Qg6 32. Nf3 Qxc2 33. Rxc2 Rd8 34. Kf1 Rac8 35. Ke2 f6 36. g4 Ne4 37. Nxd4 exd4 38. Kd3 Nc5+ 39. Kd2 d3 40. Rb2 Na4 41. Rb3 Rxc4 42. Rxd3 Rxd3+ 0-1